Marki samochodów - Statystyki

Ogólne statystyki
  • Ten quiz został rozwiązany 94 razy
  • Średni wynik to 15 z 16
Statystyki odpowiedzi
Obrazkowy Odpowiedź % Poprawnych
Audi
99%
Bmw
99%
Opel
97%
Skoda
97%
Honda
96%
Toyota
96%
Mazda
93%
Citroen
92%
Peugeot
92%
Renault
92%
Ferrari
90%
Hyundai
89%
Chevrolet
86%
Lexus
85%
Mitsubishi
85%
Bentley
80%
Nie znaleziono quizów pasujących do podanych kryteriów
Rozkład punktacji
Procent ludzi z każdym wynikiem
Percentyl według liczby udzielonych odpowiedzi
Twoja historia wyników
Nie rozwiązałeś tego quizu